Países mais ricos por continente em PIB per Capita - Statistics

Estatísticas Gerais
  • Esse quiz foi jogado 232 vezes
  • A pontuação média é 21 de 50
Estatísticas das Respostas
Categoria Resposta % Correto
América Estados Unidos
95%
América Canadá
94%
Oceania Austrália
72%
África África do Sul
71%
Oceania Nova Zelândia
70%
África Egito
68%
Europa Suíça
66%
Europa Luxemburgo
63%
Europa Suécia
63%
Europa Alemanha
61%
América Chile
61%
Europa Noruega
60%
Ásia Catar
57%
Ásia Emirados Árabes Unidos
55%
Ásia Singapura
54%
Europa Dinamarca
52%
Oceania Fiji
50%
África Argélia
48%
América Bahamas
46%
América Panama
46%
Ásia Arábia Saudita
45%
Europa Irlanda
44%
Europa Islândia
43%
África Tunísia
41%
Oceania Tuvalu
39%
Oceania Palau
38%
Ásia Bahrein
37%
África Seychelles
37%
Oceania Ilhas Marshall
36%
Oceania Tonga
36%
Europa Países Baixos
35%
Oceania Vanuatu
35%
Ásia Brunei
32%
Europa San Marino
32%
Oceania Estados Federados da Micronésia
30%
Ásia Kuwait
30%
África Maurício
30%
Ásia Taiwan
28%
África Botsuana
26%
América Antígua e Barbuda
25%
América São Cristóvão e Névis
23%
África Namíbia
17%
Ásia Hong Kong
14%
Ásia Macau
13%
África Gabão
12%
África Guiné Equatorial
12%
Oceania Timor-Leste
12%
América Porto Rico
8%
América Aruba
1%
América Trindade e Tobago
1%
Nenhum quiz correspondente encontrado
Distribuição das Pontuações
Porcentagem de Pessoas com Cada Pontuação
Percentil de Números Respondidos
Sua Pontuação Histórica
Você não jogou esse quiz